| 000 | 00920nam a22002055i 4500 | ||
|---|---|---|---|
| 001 | 171821 | ||
| 003 | ES-MaACL | ||
| 005 | 20230906214735.0 | ||
| 008 | 090602s1980 mx |||| | spa d | ||
| 080 | _a007(04) | ||
| 080 | _a301.153.2(04) | ||
| 245 | 0 | 3 |
_aUn solo mundo, voces múltiples _b: comunicación e información en nuestro tiempo : hacia un nuevo orden mundial más justo y eficaz de la información y la comunicación / _cinforme de la Comisión Internacional sobre Problemas de la Comunicación ; Sean Mac Bride... [et al.]. |
| 260 |
_aMéxico : _bFondo de Cultura Ecónomica ; _aParis : _bUnesco, _c1980. |
||
| 300 |
_a508 p. ; _c23 cm. |
||
| 650 | 1 | 4 |
_aMedios de comunicación social- _xAspectos sociales. _914968 |
| 650 | 0 | 4 |
_aInformación. _913755 |
| 700 | 1 |
_aMacBride, Sean. _9140436 |
|
| 710 | 2 |
_aComisión Internacional sobre Problemas de la Comunicación. _9140437 |
|
| 852 |
_aES-MaACL _jL-8341 |
||
| 999 |
_c171821 _d171821 |
||